Pokémon - Quiz général #09 - Statistiques

Statistiques générales
  • Ce quiz a été pris 59 fois
  • Le résultat moyen est 5 sur 10
Statistiques - réponses
Question Réponse % Correct
Lequel est une évolution d'Évoli ? Mentali
96%
Quel type n'est super efficace contre aucun autre type ? Normal
89%
Parmi ces villes, laquelle n'est pas une ville portuaire ? Brasswick
61%
Quel Pokémon possède cette description : « Il a été découvert dans le cratère d'une météorite il y a 40 ans. Un simple regard de sa part endort ses ennemis. » ? Séléroc
59%
Lequel de ces Pokémon possède un double type ?
56%
Combien de Pokémon ont un chiffre dans leur nom ? 2
54%
Métamorph peut se transformer en un Pokémon méga-évolué Vrai
44%
Laquelle de ces propositions est fausse concernant Tapatoès ? Il a trois couleurs de plumage différentes
43%
Dans l'animé, quel Pokémon de départ Sacha voulait-il à l'origine prendre en premier chez le Professeur Chen ? Carapuce
28%
Quel Pokémon ne pouvait-on pas rencontrer en utilisant le "bug de la rive droite" à Cramois'île dans la version japonaise des jeux de la première génération ? Alakazam
19%
Aucun quiz correspondant
Distribution des résultats
% des personnes avec chaque résultat
Percentile par nombre de réponses
Votre historique - résultats
Vous n’avez pas pris ce quiz